Muḥāḍarāt ʻan al-shiʻr al-ʻIrāqī al-ḥadīth, (Record no. 48360)

MARC details
000 -LEADER
fixed length control field 00888cam a22002411 4500
001 - CONTROL NUMBER
control field ne 65001912
003 - CONTROL NUMBER IDENTIFIER
control field DLC
005 - DATE AND TIME OF LATEST TRANSACTION
control field 20260227111816.0
008 - FIXED-LENGTH DATA ELEMENTS--GENERAL INFORMATION
fixed length control field 890522s1959 ua 000 0 arar
010 ## - LIBRARY OF CONGRESS CONTROL NUMBER
LC control number ne 65001912
035 ## - SYSTEM CONTROL NUMBER
System control number (OCoLC)19746870
040 ## - CATALOGING SOURCE
Original cataloging agency DLC
Transcribing agency WaU
Modifying agency WaU
-- DLC
042 ## - AUTHENTICATION CODE
Authentication code premarc
043 ## - GEOGRAPHIC AREA CODE
Geographic area code a-iq---
050 00 - LIBRARY OF CONGRESS CALL NUMBER
Classification number PJ8040
Item number .D8
100 1# - MAIN ENTRY--PERSONAL NAME
Personal name Dujaylī, ʻAbd al-Karīm,
Dates associated with a name 1912-
245 10 - TITLE STATEMENT
Title Muḥāḍarāt ʻan al-shiʻr al-ʻIrāqī al-ḥadīth,
Statement of responsibility, etc. alqāhā ʻAbd al-Karīm al-Dujaylī ʻalá ṭalibat Qism al-Dirāsāt al-Adabīyah wa-al-Lughawīyah.
260 ## - PUBLICATION, DISTRIBUTION, ETC.
Place of publication, distribution, etc. [al-Qāhirah]
Name of publisher, distributor, etc. Jāmiʻat al-Duwal al-ʻArabīyah, Maʻhad al-Dirāsāt al-ʻArabīyah al-ʻĀliyah,
Date of publication, distribution, etc. 1959.
300 ## - PHYSICAL DESCRIPTION
Extent 223 p.
Dimensions 24 cm.
504 ## - BIBLIOGRAPHY, ETC. NOTE
Bibliography, etc. note Bibliographical footnotes.
650 #0 - SUBJECT ADDED ENTRY--TOPICAL TERM
Topical term or geographic name entry element Arabic poetry
Geographic subdivision Iraq
General subdivision History and criticism.
740 0# - ADDED ENTRY--UNCONTROLLED RELATED/ANALYTICAL TITLE
Uncontrolled related/analytical title Shiʻr al-ʻIrāqī al-ḥadītḥ.

No items available.

Powered by Koha